000 00926nam a2200301Ia 4500
001 E0166
003 IT-RoPAU
008 130308s9999 xx 000 0 und d
040 _aIT-RoPAU
040 _cIT-RoPAU
041 _aITALIANO
100 _aChomsky Noam
100 _gCodice Aut. SPICS: 8057
245 _aLinguaggio
245 _bEnciclopedia Einaudi (Volume Ottavo: Labirinto-Memoria)
250 _a1a ed.
260 _aTORINO
260 _bEinaudi
260 _c1993 [1° Ed.:1993 - Ed.Ling.Originale:1993]
300 _a"48 p. (prefazione: no ; testo: 48 [pagine: 352-399])"
500 _aScelta dei Procedimenti. Conoscenza e Grammatica. Linguaggio Come Organo Mentale. relazione tra Sintassi e Forma Fonetica e Logica. Linguaggio e Mente.
650 _aOPERE varie DI CULTURA GENERALE
650 _eCodice materia Spics: 1002
942 _cBK
957 _71
999 _c76583
_d76583
999 _bSI
999 _g1